000 00488nam a2200181 a 4500
001 1773220478355
003 YourLibrary
005 20260311144732.0
008 260311s2007##################000#0#eng##
020 _a9780195325256
082 0 4 _a362.18
_bLEV
100 1 _aLevy, Barry S.,
_eauthor.
245 1 0 _aTerrorism and Public Health :
260 _bOxford University Press, USA,
_c2007.
650 0 _aCivil defense.
942 _cENGLISH
040 _aYourLibrary
_beng
_cYourLibrary
999 _c617558
_d617558